Europäische Städte von Hinweis in ihrer eigenen Sprache - Statistiken

Allgemein
  • Dieses Quiz wurde 99 mal gespielt
  • Das Durchschnittsergebnis liegt bei 8 aus 15
Antwortstatistiken
Beschreibung Stadt % Korrekt
Thàinig a h-ainm Beurla bhon ainm Gaeilgeair an seòlaid "Dubh Linn" Dublin
87%
Ingólfur Arnarson settist á Ísland árið 870 og nefndi þessa borg Reykjavík
80%
Tämä on Suomen kulttuurillinen, hallinnollinen, poliittinen ja liikekeskus sekä maan suurin työnantaja Helsinki
79%
Bu adlar tarihsel sırayla, Byzantion, Augusta Antonina, Nova Roma, Konstantinopolis, ve Kostantiniyye Istanbul
78%
With a population of 2.8 million, it contains ten metropolitan boroughs including Bolton, Bury, and Trafford Manchester
67%
Esta é a capital do país e a cidade mais populosa do país Lissabon
58%
De hoofdstad van de provincie Zuid-Holland en de op twee na grootste gemeente van Nederland Den Haag
56%
W mieście działają placówki kulturalne o znaczeniu i statusie narodowym, m.in. Narodowy Stary Teatr Krakau
49%
Intra moenia urbis Romae (et ita inclave ab Italia circumdatum) Vatikanstadt
49%
Die stadt wurde 1158 erstmals urkundlich erwähnt, und seit 1328 bis 1347 kaiserliche Residenzstadt München
47%
De nouveaux avions parfois révolutionnaires ont été conçus ici; comme le Concorde ou l’Airbus A380 Toulouse
43%
Този град е столицата и най-големият град в България Sofia
42%
Nær Nygårdsgaten ligger St. Jakobs kirke fra 1921, Griegallen fra 1978 og Edvard Griegs plass Bergen
40%
(In dem Bild) Principale centro urbano cantonale e della Svizzera italiana con 151 522 abitanti Lugano
34%
Senamiestis yra vienas didžiausių Rytų Europoje ir 1994 m. Įtrauktas į UNESCO Pasaulio paveldo sąrašą Vilnius
29%
Keine übereinstimmenden Quizze gefunden
Verteilung der Resultate
Anzahl Personen mit jedem Resultat
Perzentil nach korrekt beantworteten Fragen
Ihre Resultats-Entwicklung
Sie haben dieses Quiz noch nicht gespielt